00391nam a2200145Ia 4500008004100000020001800041082001500059100001500074245006500089250000600154260002900160300001700189500002400206650001500230230524s9999 xx 000 0 und d a9789386418395 a621.3bWAD aC.L.Wadhwa 0aGeneration Distribution and Utilization of Electrical Energy a4 aNew DelhibNew Agec2018 a"xvii,481p;" aQuantity Number: 5 aElectrical